000
00292nam a22001337a 4500
008
170213b xxu||||| |||| 00| 0 eng d
020
_a
9788796944838
041
_a
eng
080
_a
61
100
_a
4
101
_a
SHM
245
_a
PRIMER LABORATORY MANUAL
_c
DIEFFENBACH
942
_2
udc
_c
BK
999
_c
5300
_d
5300